000 00751nam a22002657a 4500
003 CHAP
005 20220329140547.0
008 971013s1948 r 00010 d
010 _a53952
011 _a54924
035 _a59076
040 _cCHAP
082 _a491.736
_bR8
245 _aRussko - Ispanskiy clovap
260 _aMosckva :
_bOgiz,
_c1948
300 _a776 p.
590 _aBATCH-UPD
_b10
_c20130110
_lUCH01
_h2142
590 _aBATCH-UPD
_b10
_c20130410
_lUCH01
_h1450
590 _aBATCH-UPD
_b10
_c20130914
_lUCH01
_h2011
590 _aCONVERSION
_b10
_c20130109
_lUCH01
_h1329
650 1 4 _aRuso
_xDiccionarios
_xEspaƱol.
_9100942
901 _aBK
942 _cLIBRO
949 _a491.736 R8
_bBC
_cC
_d33724000503785
_eC
_h69818
_i59076
_si
999 _c53952
_d53952